000 00639cam a22002291 4500
001 af 49000640
003 DLC
005 20260227110916.0
008 921203s1945 be 000 0 fre c
010 _aaf 49000640
035 _a(OCoLC)27059217
040 _aMinnesota. Univ. Lib.
_cCU
_dDLC
042 _apremarc
050 0 0 _aH59.G8
_bG5
100 1 _aGille, Paul.
245 0 0 _aGuillaume de Greef, une grande figure d'hier.
260 _a[Charleroi,
_bHéraly,
_c1945]
300 _axvi, 41 p.
_c19 cm.
440 3 _aLe Panthéon national,
_v1
600 1 0 _aGreef, Guillaume de,
_d1842-1924.
740 0 _aUne grande figure d'hier.
999 _c6679
_d6679